000
00301 a2200145 4500
003
Nust
005
20170207153529.0
040
_c
Nust
082
_a
891.4393
100
_a
Karim,Mustafa
245
_a
Toofan Ke Aahat
_c
Mustafa Karim
260
_a
Lahore
_b
Schehrzad
300
_a
444:p
650
_a
urdu Adab
942
_c
BVOL
999
_c
187894
_d
187894